| 000 | 00823nam a22002297a 4500 | ||
|---|---|---|---|
| 999 |
_c16961 _d16961 |
||
| 003 | AR-CdUCM | ||
| 008 | 190410b ||||| |||| 00| 0 spa d | ||
| 040 |
_aMUNICIPALIDAD PROVINCIAL DEL CUSCO _cBIBLIOTECA MUNICIPAL DEL CUSCO |
||
| 082 |
_a100 / _bJ25 |
||
| 100 |
_aJaspers, Karl _929283 |
||
| 245 |
_aLa filosofía : _bDesde el punto de vista de la existencia / |
||
| 260 |
_aMéxico : _bFondo de cultura económica, _c1953. |
||
| 300 |
_a151 páginas ; _c17 cm. |
||
| 440 |
_aLa filosofía _n77 _936730 |
||
| 505 | _aContenido : ¿Que es la filosofía? -- La filosofía es cosa discutida -- La ciencia y la filosofía ... | ||
| 650 |
_aFilosofía _9395 |
||
| 650 |
_aHistoria _9136 |
||
| 650 |
_aUniversal _918236 |
||
| 700 |
_aGao,s José (Traducción) _936731 |
||
| 942 |
_2ddc _cLIBROS |
||
| 945 |
_arah _d10/04/2019 |
||